Aníbal de Cártago
Wedi'i Gadw mewn:
| Prif Awdur: | |
|---|---|
| Fformat: | Llyfr |
| Iaith: | Sbaeneg |
| Cyhoeddwyd: |
Ciudad de México
Grijalbo
1957
|
| Cyfres: | Biografías Gandesa
|
| Pynciau: | |
| Tagiau: |
Ychwanegu Tag
Dim Tagiau, Byddwch y cyntaf i dagio'r cofnod hwn!
|
MARC
| LEADER | 00000nam a2200000 a 4500 | ||
|---|---|---|---|
| 001 | UCP8297 | ||
| 003 | CL-VaPUC | ||
| 008 | 000114e19570000MX |||||||||||||||||spa|d | ||
| 082 | 0 | 4 | |a 923.5 |b DOL |2 21 |
| 100 | 0 | |a Dolan, Mary |e author |9 438167 | |
| 245 | 1 | 0 | |a Aníbal de Cártago |
| 300 | |a 289 p | ||
| 942 | |c BK | ||
| 945 | |d 20000114 00:00:00 |a rherrera | ||
| 260 | |a Ciudad de México |b Grijalbo |c 1957 | ||
| 600 | 0 | |a Aníbal de Cartago |d 247 a.C-182 a.C |9 438168 | |
| 650 | 0 | |a Biografías |9 255210 | |
| 650 | 0 | |a Vida y obra |9 311871 | |
| 650 | 7 | |a GENERALES |2 CL-VaPUC |9 315864 | |
| 651 | 0 | |a Cartago |9 320485 | |
| 583 | |a last modification |c 20000114 00:00:00 |k Rodrigo Vera | ||
| 490 | 0 | |a Biografías Gandesa | |
| 999 | |c 285229 |d 285227 | ||
| 952 | |0 0 |1 0 |4 0 |6 923_500000000000000_DOL_1957 |7 0 |8 A |9 329676 |a BIBHIS |b BIBHIS |d 2019-11-20 |i 1375229 |o 923.5 DOL 1957 |p 1375229 |r 2025-01-20 |w 2019-11-20 |y BK |k HIS | ||